| 000 | 00523nam a22001817a 4500 | ||
|---|---|---|---|
| 003 | CEME | ||
| 005 | 20210628204119.0 | ||
| 008 | 210125b xxu||||| |||| 00| 0 eng d | ||
| 020 | _a1-58053-371-X | ||
| 040 | _cceme | ||
| 082 | _a621.38456 ESM | ||
| 100 |
_aEsmailzadeh, Riaz:Nakagawa, Masao _968799 |
||
| 245 | _aTdd-cdma for wireless communications | ||
| 260 |
_aBOSTON _bARTECH HOUSE _c2003 |
||
| 300 | _aXIII,176P | ||
| 650 |
_aCODE DIVISION MULTIPLE ACCESS.TIME DIVISION MULTIPLE ACCESS _968800 |
||
| 942 |
_cBK _2ddc |
||
| 999 |
_c576264 _d576264 |
||